000
00331nam a22001337a 4500
008
250507b |||||||| |||| 00| 0 eng d
020
_a
978691145440
050
_a
JC571
_b
.W35
100
_a
Weltz Eric D.
245
_a
A World Divided
260
_a
New Jersey
_b
Princeton University Press
_c
2019
300
_a
xx, 550P.
942
_c
BK
999
_c
3338
_d
3338